01296nam a22002534c 4500003000900000008004100009020001800050040003100068041001900099080001000118100002200128245004600150250002200196264003600218300005000254336002700304337003300331338002800364490002200392520054400414521002600958650002400984650003401008AR-BaSMT260325b2025 aga|||br|||| 000 0bspa d a9789875045286 aBSGBbespañolcBSGBerda0 aspahespañol a82-941 aSevilla, Fabián10aSan Martín : bentre relatos y batallas aPrimera edición 1aBuenos aires : bQuipu , c2025 a80 páginas ; bilustraciones blanco y negro 2rdacontentatextobtxt 2rdamediaasin mediaciónbn 2rdacarrieravolumenbnc aVerde histórica aEn su hogar de Francia, el General San Martín, ya muy anciano, pasa sus dias bajo el cuidado de su hija. Entre ellos hay charlas en las que el Libertador relata lo que debió enfrentar para conseguir la libertad de Argentina, Perú y Chile. Relatos llenos de aventuras, emociones y humor que quedaron como un legado para Merceditas. Fabián Sevilla, el autor, invita a los lectores a sumergirse en uno de los más importantes próceres argentinos.uhttps://www.quipu.com.ar/productos/san-martin-entre-relatos-y-batallas/ 25/03/2026 aA partir de 10 años 7aLITERATURA INFANTIL 7aNOVELA HISTÓRICAzArgentina